Pays avec au moins deux "A" dans son nom - Statistiques

Statistiques générales
  • Ce quiz a été pris 354 fois
    339 depuis la dernière actualisation
  • Le résultat moyen est 32 sur 50
Statistiques - réponses
Réponse % Correct
Canada
91%
Afghanistan
87%
Panama
85%
Kazakhstan
82%
Arabie Saoudite
80%
Australie
80%
Guatemala
79%
Allemagne
78%
Angola
78%
Madagascar
78%
Nicaragua
78%
Azerbaïdjan
77%
Bahamas
74%
Pakistan
73%
Paraguay
73%
Albanie
72%
Costa Rica
70%
Ghana
69%
Tadjikistan
69%
Barbade
66%
Tanzanie
64%
Emirats Arabes Unis
63%
Antigua-et-Barbuda
62%
Mauritanie
62%
Thaïlande
62%
Vatican
62%
Guyana
61%
Jamaïque
61%
Qatar
61%
Danemark
59%
Malaisie
59%
Pays-Bas
58%
Saint-Marin
58%
Samoa
58%
Palaos
57%
Rwanda
57%
Vanuatu
56%
Botswana
55%
Malawi
55%
Bangladesh
54%
Ouganda
52%
Papouasie-Nouvelle-Guinée
51%
Salvador
51%
Burkina Faso
49%
Saint-Vincent-et-les Grenadines
49%
Taïwan
46%
République Centrafricaine
43%
Marshall (Iles)
42%
Guinée Equatoriale
37%
Sri Lanka
33%
Aucun quiz correspondant
Distribution des résultats
% des personnes avec chaque résultat
Percentile par nombre de réponses
Votre historique - résultats
Vous n’avez pas pris ce quiz depuis la dernière actualisation